[Event "Novy Smokovec"]
[Site "Novy Smokovec"]
[Date "1971.??.??"]
[Round "5"]
[White "Jansa, Vlastimil"]
[Black "Balcerowski, Witold"]
[Result "1-0"]
[WhiteElo "2450"]
[BlackElo "2380"]

1.d4 Nf6 2.Bg5 Ne4 3.Bf4 d5 4.f3 Nf6 5.e4 c5 6.Bxb8 Rxb8 7.e5 Nd7 8.c3 Qb6
9.Qd2 e6 10.f4 cxd4 11.cxd4 Qb4 12.Nc3 Nb6 13.Bd3 Bd7 14.Nge2 Nc4 15.Bxc4 Qxc4
16.O-O Bb4 17.Rac1 O-O 18.a3 Ba5 19.b4 Bb6 20.Na4 Qa6 21.Nxb6 axb6 22.f5 exf5
23.Nf4 Rbc8 24.Nxd5 Rxc1 25.Rxc1 Qxa3 26.Rc3 Qa1+ 27.Rc1 Qa3 28.h3 Qg3 29.Rc3 Qh4
30.Kh2 Bc6 31.Nf4 Be4 32.d5 Rd8 33.d6 h6 34.Rc7 Qg5 35.g3 Ra8 36.d7 Kh7 37.h4 Qd8
38.Rc1 Bc6 39.e6 fxe6 40.Rd1 Bd5 41.Nxd5 exd5 42.Qxd5 Qe7 43.Qxf5+ g6 44.Qd3 h5
45.Rd2 Rd8 46.b5 Qe6 47.Qd5 Qe3 48.Qf7+ Kh6 49.Qf4+ Qxf4 50.gxf4 Kg7 51.Kg3 Kf6
52.Kf3 Ke6 53.Ke4 Rxd7 54.Rxd7 Kxd7 55.f5 gxf5+ 56.Kxf5 Kd6 57.Kg5 Ke5 58.Kxh5 Kf5
59.Kh6 Kf6 60.h5 Kf7 61.Kg5  1-0

[Event "Novy Smokovec"]
[Site "Novy Smokovec"]
[Date "1971.??.??"]
[Round "12"]
[White "Jansa, Vlastimil"]
[Black "Rakay, Kvetoslav"]
[Result "1-0"]
[WhiteElo "2450"]
[BlackElo "2200"]

1.d4 Nf6 2.Bg5 Ne4 3.Bf4 d5 4.Nd2 Nf6 5.e3 e6 6.Bd3 c5 7.c3 Be7 8.Ngf3 O-O
9.g4 Nc6 10.Rg1 c4 11.Bc2 b5 12.g5 Nd7 13.a3 a5 14.Rg3 Bb7 15.Ne5 Ndxe5 16.Bxh7+ Kxh7
17.Qh5+ Kg8 18.dxe5  1-0

[Event "CSR-ch"]
[Site "Trinec"]
[Date "1972.??.??"]
[Round "11"]
[White "Meduna, Eduard"]
[Black "Kupka, Slavoj"]
[Result "1-0"]
[WhiteElo "2285"]
[BlackElo "2375"]

1.d4 Nf6 2.Bg5 Ne4 3.Bh4 d5 4.Nd2 g6 5.e3 Bg7 6.Nxe4 dxe4 7.c3 Qd5 8.Qb3 Be6
9.Qb4 O-O 10.Qxe7 Nd7 11.Ne2 Rfe8 12.Nf4 Qa5 13.Qb4 Qxb4 14.cxb4 a6 15.Nxe6 Rxe6
16.Rc1 c6 17.Bc4 Ree8 18.Ke2 Nb6 19.Bb3 Bf8 20.a3 Kg7 21.Rhd1 Rac8 22.Rc2 f6
23.Bg3 Nd5 24.Bxd5 cxd5 25.Rdc1 Rxc2+ 26.Rxc2 Kf7 27.b5 axb5 28.Rc7+ Re7
29.Rc5 Rd7 30.Rxb5 Be7 31.Bb8 Bd8 32.Rc5 Bb6 33.Rc3 f5 34.b4 Rd8 35.Be5 Ra8
36.Kd2 Ke6 37.Kc2 g5 38.Kb3 f4 39.exf4 gxf4 40.Rh3 Kf5 41.Rh4 f3 42.Rf4+ Kg5
43.gxf3 exf3 44.Rxf3  1-0

[Event "IBM-B"]
[Site "Amsterdam"]
[Date "1974.??.??"]
[Round "9"]
[White "Bohm, Hans"]
[Black "Popov, Luben"]
[Result "1/2-1/2"]
[WhiteElo "2285"]
[BlackElo "2460"]

1.d4 Nf6 2.Bg5 Ne4 3.Bh4 g6 4.f3 Nf6 5.e4 d6 6.Nc3 c6 7.Qd2 Bg7 8.O-O-O O-O
9.g4 b5 10.a3 a5 11.Bg5 b4 12.Nb1 bxa3 13.Nxa3 Be6 14.Ne2 Qb6 15.Nf4 Nbd7
16.Nxe6 fxe6 17.Be3 Rfb8 18.c3 Rb7 19.h4 Rab8 20.Rh2 d5 21.e5 Qb3 22.exf6 exf6
23.Nb1 a4 24.Bd3 Ra8 25.Qc2 Qa2 26.Rdd2 Qa1 27.Kd1 Rab8 28.Qc1 Bf8 29.h5 g5
30.Rhf2 c5 31.Na3 Qxc1+ 32.Kxc1 c4 33.Bc2 Rxb2 34.Nb1 a3 35.Bxh7+ Kxh7 36.Rxb2 axb2+
37.Rxb2 Rxb2 38.Kxb2 Nb6 39.Kc2 Be7 40.Nd2 f5 41.Nf1 f4 42.Bc1 Nd7 43.Nd2 e5
44.Bb2 Kg7 45.Kd1 Bf6 46.dxe5 Nxe5 47.Ba3 Nc6 48.Kc2 Na7 49.Bb4 Nb5 50.Nb1 Kf7
51.Na3 Bxc3 52.Bc5 Bd4 53.Nxb5 Bxc5 54.Kc3 Bb6 55.Kb4 Kg7 56.Nc3 d4  1/2-1/2

[Event "IBM"]
[Site "Amsterdam"]
[Date "1975.??.??"]
[Round "12"]
[White "Jansa, Vlastimil"]
[Black "Sosonko, Gennadi"]
[Result "1/2-1/2"]
[WhiteElo "2540"]
[BlackElo "2470"]

1.d4 Nf6 2.Bg5 Ne4 3.Bf4 d5 4.f3 Nf6 5.e4 dxe4 6.Nc3 exf3 7.Nxf3 e6 8.Bc4 c6
9.Qe2 Nbd7 10.O-O-O Nb6 11.d5 Nbxd5 12.Bxd5 Nxd5 13.Rxd5 cxd5 14.Nb5 f6 15.Nc7+ Kf7
16.Nxa8 Bd6 17.Bxd6 Qxd6 18.Rf1 Bd7 19.Ne5+ Ke7 20.Qg4 Rg8 21.Nxd7 Qxd7 22.Qg3 Qd6
23.Nc7 Qxg3 24.hxg3 a6 25.Re1 Kd6 26.Rxe6+ Kxc7 27.Re7+  1/2-1/2

[Event "FRG-ch International"]
[Site "Mannheim"]
[Date "1975.??.??"]
[Round "13"]
[White "Reichenbach, Werner"]
[Black "Sosonko, Gennadi"]
[Result "0-1"]
[WhiteElo "2200"]
[BlackElo "2470"]

1.d4 Nf6 2.Bg5 Ne4 3.Bh4 g5 4.f3 gxh4 5.fxe4 e5 6.Nf3 exd4 7.Qxd4 Rg8 8.Nc3 Nc6
9.Qd2 d6 10.Nd5 Bg7 11.c3 Ne5 12.Nd4 c6 13.Nf4 Qg5 14.e3 Bd7 15.Be2 O-O-O
16.O-O-O Qe7 17.Rdf1 Bh6 18.h3 Rg3 19.Rf2 Ng6 20.Bf3 Ne5 21.Be2 Be6 22.Kb1 Nd7
23.Bf3 Nc5 24.Qc2 Re8 25.Nfxe6 fxe6 26.Re1 Kb8 27.Rd2 Nd7 28.Qb3 Ne5 29.Bh5 Bxe3
30.Rxe3 Rxe3 31.Bxe8 Qxe8 32.Qxe6 Qg6 33.Qxg6 hxg6 34.Ne6 Nc4 35.Rf2 a5 36.Ng5 a4
37.Kc2 Rg3 38.Nf3 Ne3+ 39.Kd3 Nxg2  0-1

[Event "Rovinj/Zagreb"]
[Site "Zagreb"]
[Date "1975.??.??"]
[Round "13"]
[White "Kovacevic, Vlatko"]
[Black "Planinec, Albin"]
[Result "1/2-1/2"]
[WhiteElo "2465"]
[BlackElo "2535"]

1.d4 Nf6 2.Bg5 Ne4 3.Bf4 Nc6 4.Nf3 e6 5.Nbd2 d5 6.c3 Bd6 7.e3 O-O 8.Bd3 f5
9.h4 Bd7 10.Qe2 Qe8 11.O-O h6 12.c4 Qh5 13.Rad1 g5 14.hxg5 hxg5 15.Bxd6 cxd6
16.Nh2 g4 17.Bxe4 dxe4 18.a3 Kf7 19.Rfe1 Rh8 20.Ndf1 Rag8 21.Qd2 d5 22.Rc1  1/2-1/2

[Event "Biel Interzonal"]
[Site "Biel"]
[Date "1976.??.??"]
[Round "18"]
[White "Diaz, Joaquin C"]
[Black "Smyslov, Vassily"]
[Result "1/2-1/2"]
[WhiteElo "2385"]
[BlackElo "2580"]

1.d4 Nf6 2.Bg5 Ne4 3.Bh4 d5 4.f3 g5 5.fxe4 gxh4 6.exd5 Qxd5 7.Nc3 Qa5 8.Nf3 h3
9.g3 Bh6 10.Qd3 Nc6 11.Qb5 Qxb5 12.Nxb5 Nb4 13.Nxc7+ Kd8 14.Nxa8 Nxc2+ 15.Kd1 Nxa1
16.e3 Bg4 17.Be2 Bxe3 18.Ne5 Be6 19.Bh5 Bxd4 20.Nxf7+ Bxf7 21.Bxf7 Rf8 22.Rf1 Bxb2
23.Rf5 e5 24.Be6 Rxf5 25.Bxf5 h6 26.Bxh3 e4 27.Bf5 Bd4 28.g4 a5 29.h4 a4
30.g5 hxg5 31.hxg5 Nb3 32.Bxe4 Nc5 33.Bf5 Na6 34.g6 Ke7 35.Bc2 a3 36.Bb3 Kf6
37.Bf7 b5 38.Kc2 Kg7 39.Kb3 Nc5+ 40.Kb4 Nd3+ 41.Kxa3 Ne5 42.Be8 Nxg6 43.Kb4 Nf4
44.Nc7 Be5 45.Nxb5 Nd5+ 46.Kc5 Nc3  1/2-1/2

[Event "Kringsja"]
[Site "Oslo"]
[Date "1976.??.??"]
[Round "2"]
[White "Guddahl, Viggo"]
[Black "Kristiansen, Tor"]
[Result "0-1"]
[WhiteElo "2200"]
[BlackElo "2200"]

1.d4 Nf6 2.Bg5 Ne4 3.h4 c5 4.d5 Qa5+ 5.Bd2 Nxd2 6.Qxd2 Qxd2+ 7.Nxd2 e6 8.e4 exd5
9.exd5 Be7 10.O-O-O O-O 11.Re1 Bd8 12.Ne4 b6 13.Nd6 Bc7 14.Nxc8 Rxc8 15.Nh3 a6
16.g3 d6 17.Nf4 Kf8 18.Bh3 Rd8 19.Re3 Nd7 20.Bxd7 Rxd7 21.Rhe1 b5 22.h5 h6
23.Rf3 Kg8 24.Rfe3 Kf8 25.g4 c4 26.Rf3 Kg8 27.Nh3 Bb6 28.Rf4 Raa7 29.Re8+ Kh7
30.Rfe4 Bd8 31.Rf8 Bf6 32.Ree8 g5 33.hxg6+ Kxg6 34.Rg8+ Kh7 35.g5 hxg5 36.Nxg5+ Bxg5+
37.Rxg5 Re7 38.Rgg8 a5 39.Kd2 Rxe8 40.Rxe8 Rb7 41.Rd8 Kg6 42.Rxd6+ Kf5 43.Ra6 a4
44.Kc3 Ke4 45.d6 a3 46.Rxa3 b4+ 47.Kxc4 bxa3 48.b4 Ke5 49.Kc5 Rd7 50.b5 Rxd6
51.f4+ Ke6 52.b6 Rd2  0-1

[Event "Vinkovci"]
[Site "Vinkovci"]
[Date "1976.??.??"]
[Round "?"]
[White "Hort, Vlastimil"]
[Black "Sosonko, Gennadi"]
[Result "1/2-1/2"]
[WhiteElo "2600"]
[BlackElo "2505"]

1.d4 Nf6 2.Bg5 Ne4 3.Bf4 d5 4.f3 Nf6 5.e4 dxe4 6.Nc3 e3 7.Bxe3 e6 8.Nge2 Nbd7
9.Ng3 b6 10.Bc4 Bb7 11.Qe2 Bb4 12.Bd2 O-O 13.O-O-O c5 14.dxc5 bxc5 15.Nge4 Qb6
16.Bf4 Bxc3 17.Nxc3 Qa5 18.a3 Nb6  1/2-1/2

[Event "Santos Lugares"]
[Site "Santos Lugares"]
[Date "1977.??.??"]
[Round "4"]
[White "Rossetto, Hector"]
[Black "Rios, Alb"]
[Result "0-1"]
[WhiteElo "2410"]
[BlackElo "2200"]

1.d4 Nf6 2.Bg5 Ne4 3.Bh4 g5 4.Bg3 Bg7 5.c3 d5 6.Nd2 Nxg3 7.hxg3 c5 8.e3 Bf5
9.g4 Bg6 10.dxc5 e5 11.Ngf3 O-O 12.Nb3 Nc6 13.Be2 Rc8 14.Qd2 h6 15.Rd1 Ne7
16.Nh2 Qc7 17.Bd3 e4 18.Bc2 Be5 19.Nf1 Kg7 20.Qe2 a6 21.Rh3 f5 22.Ng3 f4
23.Nh5+ Bxh5 24.gxh5 fxe3 25.Rxe3 Rf6 26.Qg4 Rcf8 27.Re2 Rf4 28.Qh3 Rh4 29.Qe3 Rh1+
30.Kd2 Bf4 31.Rxh1 Nf5 32.Qxf4 Qxf4+ 33.Kd1 Qg4 34.Rh2 Nh4 35.g3 Nf3 36.Rh1 Re8
37.Kc1 e3 38.Rxe3 Rxe3 39.fxe3 Qxg3 40.Rd1 Qe5 41.Kb1 g4 42.Nd4 Nxd4 43.Rxd4 Qxh5
44.Bb3 Qf5+ 45.Kc1 g3 46.Bxd5 h5 47.Bxb7 Qxc5 48.Kc2 Qf5+ 49.Kb3 Qb5+ 50.Rb4 Qe2
51.Rh4 Kh6 52.a4 g2 53.Rh2 Qd1+  0-1

[Event "BCF-ch"]
[Site "Ayr"]
[Date "1978.08.16"]
[Round "9"]
[White "Bellin, Robert"]
[Black "Garbett, Paul Anthony"]
[Result "1-0"]
[WhiteElo "2420"]
[BlackElo "2310"]

1.d4 Nf6 2.Bg5 Ne4 3.Bh4 c6 4.Nd2 Qa5 5.c3 d5 6.Nxe4 dxe4 7.e3 Bf5 8.Bc4 e6
9.Ne2 h6 10.f3 Nd7 11.fxe4 Bxe4 12.O-O Qh5 13.Bg3 Nb6 14.Bd3 Bxd3 15.Qxd3 Be7
16.Be5 Nd7 17.Bxg7 Rg8 18.Qh7 O-O-O 19.Ng3 Qg4 20.Rxf7 Bd6 21.Raf1 Bxg3 22.hxg3 Qxg3
23.Rxd7 Qxe3+ 24.Kh1 Rxd7 25.Qxg8+ Rd8 26.Qf7 Qe2  1-0

[Event "Alicante"]
[Site "Alicante"]
[Date "1978.??.??"]
[Round "1"]
[White "Rohde, Michael A"]
[Black "Sanz, J."]
[Result "1-0"]
[WhiteElo "2425"]
[BlackElo "2330"]

1.d4 Nf6 2.Bg5 Ne4 3.Bf4 d5 4.e3 g6 5.Nd2 Nxd2 6.Qxd2 Bg7 7.c4 c6 8.Nf3 O-O
9.Rc1 Be6 10.h3 h6 11.c5 Nd7 12.Bd3 Nf6 13.O-O Qc8 14.b4 a6 15.a4 Bf5 16.b5 axb5
17.axb5 Ne4 18.Qb2 Ng5 19.Be2 Nxf3+ 20.Bxf3 Bd3 21.Be2 Bxe2 22.Qxe2 Ra5 23.bxc6 Qxc6
24.Rb1 e5 25.Rb6 Qc8 26.Bxe5 Bxe5 27.dxe5 Rxc5 28.Qb2 Rc2 29.Qb3 Qc4 30.Rxb7 Qxb3
31.Rxb3 Re8 32.f4 Ra8 33.Rf3 Rac8 34.Rd3 Rc1+ 35.Rf1 Rxf1+ 36.Kxf1 Rc5 37.Kf2 h5
38.Rd2 Ra5 39.Ke2 Kg7 40.Kd3 Rb5 41.Rc2 Rb1 42.Ke2 Rg1 43.Kf2 Rd1 44.g4 hxg4
45.hxg4 Kf8 46.Rc7 Ke8 47.Ke2 Rg1 48.g5 Ra1 49.Rc5 Ke7 50.Rxd5 Ke6 51.Rd1 Ra2+
52.Kf3 Ke7 53.Rd6 Ra1 54.Rf6  1-0

[Event "URS-FL"]
[Site "Ashkhabad"]
[Date "1978.??.??"]
[Round "15"]
[White "Alburt, Lev O"]
[Black "Beliavsky, Alexander G"]
[Result "1/2-1/2"]
[WhiteElo "2515"]
[BlackElo "2530"]

1.d4 Nf6 2.Bg5 Ne4 3.Bh4 c5 4.f3 g5 5.fxe4 gxh4 6.e3 Qb6 7.Nc3 e6 8.a3 d6
9.Nf3 Bd7 10.b4 cxd4 11.Qxd4 Rg8 12.Nb5 Bxb5 13.Qxb6 axb6 14.Bxb5+ Ke7 15.Kf2 Bg7
16.Ra2 Bc3 17.Rb1 Nd7 18.h3 Ne5 19.Nxh4 Rgc8 20.Rb3 Rc7 21.Be2 Rd8 22.Nf3 Nxf3
23.Bxf3 Be5 24.Be2 Rc3 25.Rb1 Rg8 26.g4 Bf6 27.Bd3 h5 28.Rg1 hxg4 29.Rxg4 Rxg4
30.hxg4 Rc8  1/2-1/2

[Event "Buenos Aires ol (Women)"]
[Site "Buenos Aires"]
[Date "1978.??.??"]
[Round "?"]
[White "Ristoja, Aulikki"]
[Black "Belle, Erika"]
[Result "0-1"]
[WhiteElo "2200"]
[BlackElo "2005"]

1.d4 Nf6 2.Bg5 Ne4 3.Bf4 d5 4.Nd2 Nxd2 5.Qxd2 e6 6.Nf3 c6 7.e3 Nd7 8.c4 Nf6
9.c5 Be7 10.Bd3 b6 11.b4 a5 12.O-O axb4 13.Qxb4 bxc5 14.dxc5 Nd7 15.Rfc1 Bf6
16.e4 Bxa1 17.Rxa1 Qf6 18.e5 Qd8 19.Bd2 h6 20.Bc2 Qe7 21.Be3 O-O 22.Qg4 f5
23.exf6 Qxf6 24.Re1 e5 25.Qg3 Rxa2 26.Bb1 Ra8 27.h4 e4 28.Bd4 Qf7 29.Ne5 Nxe5
30.Qxe5 Qf6 31.Qxf6 gxf6 32.Re3 Kf7 33.f3 Ra4 34.Bb2 Rb4 35.Re2 exf3 36.gxf3 Rxh4
37.Kf2 Rh2+ 38.Ke3 Rxe2+ 39.Kxe2 Ba6+ 40.Ke3 Rb8  0-1

[Event "URS-ch sf"]
[Site "Daugavpils"]
[Date "1978.??.??"]
[Round "?"]
[White "Gusev, Vladimir A"]
[Black "Khodos, German"]
[Result "1-0"]
[WhiteElo "2410"]
[BlackElo "2200"]

1.d4 Nf6 2.Bg5 Ne4 3.Bh4 c5 4.f3 g5 5.fxe4 gxh4 6.e3 d5 7.exd5 Qxd5 8.Nc3 Qg5
9.Bb5+ Bd7 10.Qf3 Nc6 11.Ne4 Qg6 12.Nxc5 Qxc2 13.Nxd7 Kxd7 14.d5 Kc7 15.dxc6 Bg7
16.Ne2 Bxb2 17.cxb7 Rad8 18.Kf2 Rd6 19.Rac1 Bxc1 20.Rxc1 Qxc1 21.Nxc1 Rf6
22.Bc6 Rd8 23.Qxf6 exf6 24.Bf3 Rd2+ 25.Ke1 Rc2 26.Kd1 Rb2 27.h3 h6 28.Nb3 Rxa2
29.Nc5 Ra1+ 30.Kd2 Ra2+ 31.Kc3 Ra3+ 32.Kc4 Ra1 33.Nd7 Rc1+ 34.Kd4  1-0

[Event "URS-ch sf"]
[Site "Daugavpils"]
[Date "1978.??.??"]
[Round "?"]
[White "Shereshevsky, Yakov I"]
[Black "Gufeld, Eduard"]
[Result "0-1"]
[WhiteElo "2460"]
[BlackElo "2525"]

1.d4 Nf6 2.Bg5 Ne4 3.Bh4 c5 4.f3 Nf6 5.dxc5 e6 6.Bf2 Qc7 7.Nc3 Bxc5 8.Bxc5 Qxc5
9.Qd2 d5 10.O-O-O Nc6 11.e4 dxe4 12.Nxe4 Nxe4 13.fxe4 O-O 14.Nf3 e5 15.Qd6 Qe3+
16.Kb1 Be6 17.Bd3 h6 18.Qa3 Rac8 19.Rhe1 Qb6 20.b3 Rfd8 21.Qb2 Qc5 22.Be2 a6
23.Rxd8+ Rxd8 24.Rd1 Rxd1+ 25.Bxd1 Qe3 26.Qa3 Qxe4 27.Qd6 Qe3 28.Kb2 g6 29.Qd2 Qxd2
30.Nxd2 f5 31.c4 Kf7 32.Kc3 Kf6 33.b4 e4 34.Nb3 Ke5 35.Nc5 Bc8 36.b5 axb5
37.cxb5 Nd4 38.b6 Kd5 39.Nb3 Nxb3 40.Bxb3+ Kc5 41.Bf7 g5 42.Bg6 e3  0-1

[Event "Eerbeek"]
[Site "Eerbeek"]
[Date "1978.??.??"]
[Round "5"]
[White "Bohm, Hans"]
[Black "Rogers, Ian"]
[Result "1/2-1/2"]
[WhiteElo "2410"]
[BlackElo "2400"]

1.d4 Nf6 2.Bg5 Ne4 3.Bf4 d5 4.e3 c5 5.c3 Qb6 6.Qb3 Nc6 7.Nf3 e6 8.Qxb6 axb6
9.Nbd2 Nxd2 10.Kxd2 cxd4 11.exd4 Bd7 12.Ne5 Bd6 13.Ng6 Bxf4+ 14.Nxf4 Na5
15.Kc2 O-O 16.Be2 Rfc8 17.Rhe1 Rc7 18.Nd3 Ba4+ 19.b3 Bb5 20.Kb2 Rac8 21.Rac1 Nc6
22.a4 Ba6 23.f4 g6 24.Bf1 h5 25.g3 Kg7 26.Ne5 Bxf1 27.Rxf1 Ne7 28.Rfd1 Nf5
29.Rd3 Nd6 30.Ka3 Kf6 31.Kb4 Kf5 32.h3 Rh8 33.c4 Rhc8 34.g4+ Kf6 35.Rdc3 dxc4
36.bxc4 Rd8 37.Re3 Kg7 38.Rcc3 Ne8 39.Nf3 Nf6 40.g5 Ne8 41.Re5 Nd6 42.a5 Rdc8
43.Nd2 bxa5+ 44.Rxa5 Nf5 45.Nf3 Ne7 46.Rc5 Nc6+ 47.Ka4 Ra8+ 48.Kb5 Rd7 49.Rd3 Ra5+
50.Kb6 Ra4 51.Rxc6 Ra6+ 52.Kb5 Rxc6 53.Ne5 Rcd6 54.Nxd7 Rxd7 55.d5 exd5 56.cxd5 f6
57.d6 Kf7 58.Kc5 Ke6 59.Re3+ Kf5 60.Re7 Rd8 61.h4 fxg5 62.fxg5 Kg4 63.Re6 Kxh4
64.Rxg6 Kg4 65.Rg7 Kf5 66.Kd5 b5 67.Kc6 b4 68.g6 b3 69.Rb7 Kxg6 70.Rxb3 Kg5
71.d7 h4 72.Kc7 Rh8  1/2-1/2

[Event "Kiev"]
[Site "Kiev"]
[Date "1978.??.??"]
[Round "9"]
[White "Palatnik, Semon"]
[Black "Adamski, Jan"]
[Result "1-0"]
[WhiteElo "2490"]
[BlackElo "2470"]

1.d4 Nf6 2.Bg5 Ne4 3.Bh4 c5 4.f3 g5 5.fxe4 gxh4 6.e3 e6 7.Nd2 Nc6 8.c3 Bh6
9.Nc4 d5 10.Qh5 Bg7 11.Nd2 cxd4 12.exd4 dxe4 13.Nxe4 O-O 14.Nf3 e5 15.Bc4 h6
16.O-O Na5 17.Bxf7+ Rxf7 18.Nxe5 Rxf1+ 19.Rxf1 Nc6 20.Nf6+ Qxf6 21.Rxf6 Nxe5
22.dxe5 Bd7 23.Qf7+  1-0

[Event "Makarczyk mem"]
[Site "Lodz"]
[Date "1978.??.??"]
[Round "12"]
[White "Pribyl, Josef"]
[Black "Helmers, Knut J"]
[Result "0-1"]
[WhiteElo "2455"]
[BlackElo "2345"]

1.d4 Nf6 2.Bg5 Ne4 3.Bh4 c5 4.f3 Qa5+ 5.c3 Nf6 6.d5 d6 7.e4 g6 8.Na3 Bg7
9.Nc4 Qc7 10.a4 O-O 11.Ne2 Nbd7 12.Ng3 Nb6 13.f4 e6 14.dxe6 Nxc4 15.Bxc4 Bxe6
16.Bxe6 fxe6 17.O-O Qc6 18.Qc2 Rae8 19.Rae1 d5 20.h3 Bh6 21.Bxf6 Rxf6 22.f5 exf5
23.exf5 Qd7 24.c4 Rff8 25.b3 Re3 26.Rxe3 Bxe3+ 27.Kh1 Qd6 28.Ne2 Re8 29.Qc3 Bg5
30.Ng1 Re3 31.Qc2 Qg3 32.Nf3 Bf4 33.Kg1 Rxf3 34.Rxf3 Qe1+  0-1

[Event "Makarczyk mem"]
[Site "Lodz"]
[Date "1978.??.??"]
[Round "16"]
[White "Pribyl, Josef"]
[Black "Adamski, Jan"]
[Result "1-0"]
[WhiteElo "2455"]
[BlackElo "2470"]

1.d4 Nf6 2.Bg5 Ne4 3.Bh4 c5 4.f3 Nf6 5.dxc5 e6 6.b4 a5 7.e4 Be7 8.c3 axb4
9.cxb4 Nxe4 10.Bxe7 Qxe7 11.fxe4 Qh4+ 12.g3 Qxe4+ 13.Kf2 Qxb4 14.Nf3 Nc6
15.Nbd2 Qxc5+ 16.Kg2 d5 17.Bd3 e5 18.Re1 f6 19.Qb1 Kf7 20.Bxh7 e4 21.Nxe4 dxe4
22.Qxe4 Qh5 23.Qc4+ Kf8 24.Be4 Qh3+ 25.Kg1 Ne5 26.Qc5+ Kg8 27.Bd5+ Be6 28.Bxe6+ Qxe6
29.Nxe5 Rc8 30.Nd3  1-0

[Event "Aaronson"]
[Site "London"]
[Date "1978.??.??"]
[Round "4"]
[White "Bennett, Terry B"]
[Black "Webb, Simon"]
[Result "1-0"]
[WhiteElo "2270"]
[BlackElo "2445"]

1.d4 Nf6 2.Bg5 Ne4 3.Bf4 c5 4.d5 e6 5.f3 Qa5+ 6.c3 Nf6 7.e4 exd5 8.exd5 d6
9.Qd2 Be7 10.c4 Qxd2+ 11.Kxd2 b5 12.Nc3 a6 13.Re1 Kd8 14.g4 h6 15.h4 Nbd7
16.b3 Rb8 17.Bd3 Re8 18.Kc2 Nb6 19.Nge2 Bd7 20.Ng3 bxc4 21.bxc4 Na4 22.Rb1 Rxb1
23.Rxb1 Nxc3 24.Kxc3 Kc7 25.g5 Ng8 26.Ne4 Bc8 27.Nxc5 hxg5 28.hxg5 f6 29.Ne4 fxg5
30.Bxg5 Rf8 31.Bxe7 Nxe7 32.Ng5 Rh8 33.Re1 Kd7 34.Bc2 Rf8 35.Re6 Rf4 36.Re4 Rf6
37.Rh4 Rh6 38.Rf4 Rh5 39.Ne6 Rxd5 40.cxd5 Nxd5+ 41.Kd4 g5 42.Re4  1-0

[Event "Aaronson"]
[Site "London"]
[Date "1978.??.??"]
[Round "8"]
[White "Bellin, Robert"]
[Black "Ornstein, Axel"]
[Result "1/2-1/2"]
[WhiteElo "2415"]
[BlackElo "2425"]

1.d4 Nf6 2.Bg5 Ne4 3.Bh4 c6 4.Nd2 Qa5 5.c3 Qh5 6.Nxe4 Qxh4 7.Ng3 d5 8.Nf3 Qf6
9.e4 e6 10.Bd3 h5 11.h4 g6 12.Qe2 Bh6 13.exd5 cxd5 14.Bb5+ Kf8 15.Ne5 a6
16.Ba4 Bf4 17.Nf1 Bxe5 18.Qxe5 Qxe5+ 19.dxe5 b5 20.Bc2 Nc6 21.f4 Bb7 22.Rd1 Ke7
23.Kf2  1/2-1/2

[Event "CSR-ch"]
[Site "Marianske Lazne"]
[Date "1978.??.??"]
[Round "3"]
[White "Tichy, Vladimir"]
[Black "Smejkal, Jan"]
[Result "1/2-1/2"]
[WhiteElo "2200"]
[BlackElo "2555"]

1.d4 Nf6 2.Bg5 Ne4 3.Bf4 d5 4.f3 Nf6 5.Nc3 e6 6.e4 Bb4 7.Qd3 c5 8.dxc5 Nc6
9.O-O-O Bxc3 10.Qxc3 d4 11.Qd2 e5 12.Bg5 h6 13.Bxf6 Qxf6 14.Bb5 O-O 15.Ne2 Qe7
16.Bxc6 bxc6 17.c3 Qxc5 18.Kb1 dxc3 19.Qxc3 Qb5 20.Nc1 Be6 21.Rd6 Rfc8 22.Nd3 Rd8
23.Qxe5 Rxd6 24.Qxd6 Qa5 25.Qa3 Qd2 26.Rc1 Qxg2 27.Nf4 Qxh2 28.Nxe6 fxe6
29.Rxc6 Rf8 30.Qb3 Qh1+ 31.Rc1 Qxf3 32.Qxe6+ Kh7 33.a3 Rf4 34.e5 Qe4+ 35.Ka2 Rf6
36.Qe7 Qd5+ 37.Ka1 Re6 38.Qxa7 Qxe5 39.Rg1 Rd6 40.Qf2 Rf6 41.Qg2  1/2-1/2

[Event "Tramandai zt"]
[Site "Tramandai"]
[Date "1978.??.??"]
[Round "10"]
[White "Dienavorian, Manuel"]
[Black "Gonzalez, Bernal M"]
[Result "0-1"]
[WhiteElo "2415"]
[BlackElo "2200"]

1.d4 Nf6 2.Bg5 Ne4 3.Bf4 c5 4.d5 Qb6 5.Qc1 c4 6.e3 Qa5+ 7.Nc3 d6 8.Ne2 g5
9.Bg3 Bg7 10.f3 Nxc3 11.Nxc3 Bxc3+ 12.bxc3 Qxc3+ 13.Kf2 Na6 14.a4 Bd7 15.Ra3 Qb4
16.Qa1 f6 17.Be2 Qa5 18.h4 g4 19.Rd1 Nb4 20.Qc3 Qc5 21.Qxc4 Qxc4 22.Bxc4 Rc8
23.Bb3 Rc3 24.Rd2 gxf3 25.gxf3 a5 26.Ke2 Bf5 27.Ra1 Bxc2 28.Bxc2 Nxc2 29.Rb1 Rg8
30.Bf2 Rg2 31.Kf1 Rg7 32.Rxb7 Nxe3+ 33.Bxe3 Rxe3 34.Kf2 Ra3 35.Rd4 Ra2+ 36.Ke3 f5
37.Rb5 Rg3 38.Kf4 Rh3 39.Kxf5 Rxf3+ 40.Kg4 Raa3 41.Rxa5 Rg3+ 42.Kh5 Raf3
43.Rg4 Rf5+ 44.Rg5 Rgxg5+ 45.hxg5 Kf7 46.Ra8 Rxd5 47.a5 Kg7 48.a6 h6 49.Re8 Rxg5+
50.Kh4 Ra5 51.Rxe7+ Kf6 52.Ra7 Ke6 53.Kg4 h5+ 54.Kh4 d5 55.Kxh5 d4+ 56.Kg4 d3
57.Rh7 Ra1 58.Rh2 Kd5 59.Kf3 Kd4 60.Rh6 d2 61.Rd6+ Kc3 62.Rc6+ Kb4  0-1

[Event "URS-ch otbor"]
[Site "Beltsy"]
[Date "1979.??.??"]
[Round "?"]
[White "Palatnik, Semon"]
[Black "Gufeld, Eduard"]
[Result "1-0"]
[WhiteElo "2515"]
[BlackElo "2530"]

1.d4 Nf6 2.Bg5 Ne4 3.Bf4 d5 4.Nd2 Bf5 5.Ngf3 e6 6.e3 g5 7.Nxg5 Nxg5 8.h4 Ne4
9.g4 Nxd2 10.Kxd2 Be4 11.f3 Bg6 12.h5 Bd6 13.Bxd6 cxd6 14.hxg6 fxg6 15.Bd3 O-O
16.Qf1 e5 17.Qh3 Qd7 18.dxe5 dxe5 19.Bxg6 hxg6 20.Qh8+ Kf7 21.Qxe5 Rg8 22.Rh7+ Kf8
23.Qf6+ Ke8 24.Rxd7 Nxd7 25.Qe6+  1-0

[Event "HUN-ch"]
[Site "Budapest"]
[Date "1979.??.??"]
[Round "15"]
[White "Orso, Miklos"]
[Black "Portisch, Ferenc"]
[Result "1/2-1/2"]
[WhiteElo "2350"]
[BlackElo "2475"]

1.d4 Nf6 2.Bg5 Ne4 3.Bf4 d5 4.Nd2 Nd6 5.Ngf3 g6 6.h4 h6 7.e3 Bg7 8.Bd3 Bf5
9.h5 Bxd3 10.cxd3 g5 11.Be5 O-O 12.Bxg7 Kxg7 13.Ne5 Qc8 14.O-O Qe6 15.Qf3 c6
16.Qg3 Kh7 17.Ndf3 Rg8 18.Rae1 g4 19.Nh4 Nd7 20.Nxd7 Qxd7 21.e4 Rg5 22.e5 Nf5
23.Nxf5 Qxf5 24.e6 f6 25.Qc7 Rg7 26.Qxb7 Rag8 27.Re3 Qxh5 28.Qxa7 Qh4 29.Qc7 g3
30.Rxg3 Qxd4 31.Rxg7+ Rxg7 32.Qxc6  1/2-1/2

[Event "BCF-ch"]
[Site "Chester"]
[Date "1979.??.??"]
[Round "3"]
[White "Bellin, Robert"]
[Black "Watson, William N"]
[Result "1-0"]
[WhiteElo "2425"]
[BlackElo "2265"]

1.d4 Nf6 2.Bg5 Ne4 3.Bf4 d5 4.Nd2 Bf5 5.e3 c5 6.Bxb8 Rxb8 7.Nxe4 dxe4 8.dxc5 Qa5+
9.c3 Qxc5 10.Ne2 e5 11.Ng3 Bg6 12.h4 h6 13.h5 Bh7 14.Qb3 Bd6 15.Bb5+ Ke7
16.O-O-O Rbc8 17.Rxd6 Rhd8 18.Rxd8 Rxd8 19.Qb4 Qxb4 20.cxb4 a6 21.Ba4 f5
22.Ne2  1-0

[Event "Kecskemet"]
[Site "Kecskemet"]
[Date "1979.??.??"]
[Round "?"]
[White "Vaganian, Rafael A"]
[Black "Popov, Luben"]
[Result "1/2-1/2"]
[WhiteElo "2570"]
[BlackElo "2430"]

1.d4 Nf6 2.Bg5 Ne4 3.Bh4 c5 4.f3 Nf6 5.dxc5 Qa5+ 6.Qd2 Qxc5 7.Nc3 e6 8.e4 a6
9.f4 d6 10.O-O-O Be7 11.Nf3 Nbd7 12.Bd3 b5 13.e5 dxe5 14.fxe5 Nxe5 15.Nxe5 Qxe5
16.Be4 Ra7 17.Bc6+ Kf8 18.Ne4 Nd5 19.Bxe7+ Rxe7 20.Rhe1 h6 21.h4 Kg8 22.a4 Qc7
23.Bxd5 exd5 24.Nc3 Be6 25.axb5 axb5 26.Nxd5 Bxd5 27.Qxd5 Kh7 28.Qd3+ g6
29.h5 Rxe1 30.hxg6+ fxg6 31.Rxe1 Ra8 32.Re4 Qb7 33.c3 Ra7 34.Qd4 Qf7 35.Kc2 Rd7
36.Qc5 Qf1 37.Re7+ Rxe7 38.Qxe7+ Kg8 39.Qe6+ Kg7 40.Qe7+ Kg8 41.Qe4 Kf7 42.b3 Qf2+
43.Kd3 Qf1+ 44.Kd2 Qf2+ 45.Kd3 Qf1+ 46.Kd2 Qf2+ 47.Qe2 Qxe2+ 48.Kxe2 Ke6
49.c4 bxc4 50.bxc4 Kd6 51.Kd3 Kc5 52.Kc3 h5 53.Kd3 h4  1/2-1/2

[Event "Lodz"]
[Site "Lodz"]
[Date "1979.??.??"]
[Round "6"]
[White "Pribyl, Josef"]
[Black "Balinas, Rosendo Carrean"]
[Result "1/2-1/2"]
[WhiteElo "2420"]
[BlackElo "2365"]

1.d4 Nf6 2.Bg5 Ne4 3.Bf4 d5 4.Nd2 Bf5 5.e3 e6 6.Ngf3 Bd6 7.Bxd6 cxd6 8.c3 O-O
9.Be2 Nc6 10.O-O Rb8 11.Nxe4 Bxe4 12.Nd2 Qg5 13.g3 Bf5 14.a4 Qg6 15.Re1 Bc2
16.Qc1 Bd3 17.Bxd3 Qxd3  1/2-1/2

[Event "Lone Pine op"]
[Site "Lone Pine"]
[Date "1979.??.??"]
[Round "9"]
[White "Bohm, Hans"]
[Black "Whitehead, Paul A"]
[Result "1-0"]
[WhiteElo "2410"]
[BlackElo "2365"]

1.d4 Nf6 2.Bg5 Ne4 3.Bf4 c5 4.f3 Qa5+ 5.c3 Nf6 6.d5 d6 7.e4 b5 8.Nd2 e5 9.dxe6 Bxe6
10.a4 b4 11.Bb5+ Nbd7 12.Ne2 a6 13.Nc4 Bxc4 14.Bxc4 Nb6 15.Qb3 Nxc4 16.Qxc4 bxc3
17.bxc3 Be7 18.O-O O-O 19.Rfd1 Rfd8 20.Rab1 Rd7 21.Ng3 g6 22.Nf1 Qd8 23.Ne3 Nh5
24.Nd5 Nxf4 25.Nxf4 d5 26.Nxd5 Bd6 27.g3 Raa7 28.Kg2  1-0

[Event "Tirnavia-A"]
[Site "Trnava"]
[Date "1979.??.??"]
[Round "4"]
[White "Bohosjan, Sarkis"]
[Black "Pribyl, Josef"]
[Result "1-0"]
[WhiteElo "2410"]
[BlackElo "2420"]

1.d4 Nf6 2.Bg5 Ne4 3.Bf4 c5 4.f3 Nf6 5.dxc5 Qa5+ 6.Nc3 Qxc5 7.e4 d6 8.Qd2 a6
9.O-O-O g6 10.e5 Nh5 11.Be3 Qa5 12.Nd5 Qxa2 13.Qc3  1-0

[Event "URS Spartakiad"]
[Site "URS"]
[Date "1979.??.??"]
[Round "?"]
[White "Shereshevski, Mikhail"]
[Black "Karner, Hillar"]
[Result "1/2-1/2"]
[WhiteElo "2460"]
[BlackElo "2415"]

1.d4 Nf6 2.Bg5 Ne4 3.Bh4 c5 4.f3 Nf6 5.d5 Qb6 6.e4 Qxb2 7.Nd2 g6 8.Rb1 Qc3
9.Bd3 Bh6 10.Ne2 Qxd2+ 11.Qxd2 Bxd2+ 12.Kxd2 d6 13.c4 Nbd7 14.f4 h6 15.Be1 g5
16.g3 Rg8 17.Ke3 gxf4+ 18.gxf4 e5 19.f5 b6 20.Kf3 Nh7 21.h4 Nhf6 22.Bd2 Rh8
23.Rhg1 Nb8 24.Rg2 Na6 25.a3 Bd7 26.Nc3 Nc7 27.Be3 Ke7 28.Nb5 Nxb5 29.cxb5 Ne8
30.a4 Nc7 31.h5 Rag8 32.Ra2 Rg7 33.Rh2  1/2-1/2